Anar al contingut

Философия математики учебник

В учебнике основное внимание уделено эпистемологическим и онтологическим проблемам, с которыми сталкивается математика и которые требуют комплексного философского анализа. Размышляя о философских основаниях математики, авторы обращаются к подходам И. Канта, Г. Фреге, Ф. Клейна, Л. Витгенштейна и гру...

Descripció completa

Guardat en:
Dades bibliogràfiques
Autor principal: Опенков М. Ю.
Altres autors: Варакин В. С., Макулин А. В.
Format: Книга
Idioma:Russian
Publicat: Архангельск САФУ 2024
Accés en línia:https://e.lanbook.com/book/484874
https://e.lanbook.com/img/cover/book/484874.jpg
Etiquetes: Afegir etiqueta
Sense etiquetes, Sigues el primer a etiquetar aquest registre!
LEADER 02828nam0a2200301 i 4500
001 484874
003 RuSpLAN
005 20250513203710.0
008 250513s2024 ru gs 000 0 rus
020 |a 978-5-261-01747-9 
040 |a RuSpLAN 
041 0 |a rus 
044 |a ru 
080 |a [101.3:51](075) 
084 |a [87.25:22.1]я73  |2 rubbk 
245 0 0 |a Философия математики  |b учебник  |c Опенков М. Ю.,Варакин В. С.,Макулин А. В. 
260 |a Архангельск  |b САФУ  |c 2024 
300 |a 301 с. 
504 |a Библиогр.: доступна в карточке книги, на сайте ЭБС Лань 
520 8 |a В учебнике основное внимание уделено эпистемологическим и онтологическим проблемам, с которыми сталкивается математика и которые требуют комплексного философского анализа. Размышляя о философских основаниях математики, авторы обращаются к подходам И. Канта, Г. Фреге, Ф. Клейна, Л. Витгенштейна и группы Николя Бурбаки, рассматривают специфику математического натурализма и интуиционизма, а также раскрывают гуманитарные аспекты математического знания. Отдельно характеризуются понятия числа и числового ряда. Авторы анализируют особенности нуля, числа Фибоначчи, комплексных и простых чисел, главных чисел физической Вселенной, а кроме того, предлагают методологию визуализации философско-математических идей. Учебник рассчитан на студентов, обучающихся по программам академического и прикладного бакалавриата, магистратуры и специалитета, на аспирантов и соискателей, а также на всех, кто интересуется актуальными проблемами философии математики. 
521 8 |a Книга из коллекции САФУ - Математика 
521 8 |a СЭБ 
100 1 |a Опенков М. Ю. 
700 1 |a Варакин В. С. 
700 1 |a Макулин А. В. 
856 4 |u https://e.lanbook.com/book/484874 
856 4 8 |u https://e.lanbook.com/img/cover/book/484874.jpg 
953 |a https://e.lanbook.com/img/cover/book/484874.jpg